A Simple Yes or No Will Do: Movie Edition Quiz Stats

 Plays Quiz not verified by Sporcle

Score 0/20 Timer 03:00
0 Plays Today
Question Answer Wrong Answers
Is The Incredibles a Pixar film? Yes
89.8%
No
7%
Are there fictional characters in the Hollywood Walk of Fame? Yes
81.7%
No
14.9%
Do the letters of the Hollywood sign light up? No
79.8%
Yes
16.6%
Was A Clockwork Orange rated X in its original release? Yes
76.4%
No
20.4%
Did Henry Fonda win an Academy Award? Yes
75.2%
No
21.2%
Does Kurtz die in Apocalypse Now? Yes
71.2%
No
25.9%
Was Laurel the slimmer one of Laurel & Hardy? Yes
69.2%
No
27.1%
Was Pulp Fiction adapted from a novel? No
68.7%
Yes
27.6%
Are Shirley MacLaine and Warren Beatty siblings? Yes
68.3%
No
28.1%
Is NC-17 a stricter rating than R? Yes
64.7%
No
31.8%
Was Gone with the Wind the first movie shown at a drive-in theater? No
63.6%
Yes
33%
Was Disney's Cinderella released after Bambi? Yes
63.1%
No
34%
Was the original Rocky directed by Sylvester Stallone? No
59.2%
Yes
37.6%
Was Good Will Hunting based on real events? No
59.1%
Yes
37.7%
Has the Academy Awards ceremony ever been held outside California? No
53.6%
Yes
42.7%
Has Jay Leno hosted the Academy Awards? No
50.6%
Yes
46.1%
Was Sean Connery the first actor to portray James Bond in a feature film? Yes
49%
No
47.8%
Did Steven Spielberg direct his first feature film when he was 17? No
48%
Yes
48.4%
Is Humphrey Bogart a stage name? No
42%
Yes
54.7%
Was Harry Potter the first feature film for Daniel Radcliffe? No
29%
Yes
68.2%

You're not logged in!

Compare scores with friends on all Sporcle quizzes.
OR
Log In

Sporcle TV

Today on Sporcle TV


Watch our educational content, quiz creation guides, and fun videos on Sporcle TV.

Show Comments

Extras

Top Quizzes Today


Score Distribution

Your Account Isn't Verified!

In order to create a playlist on Sporcle, you need to verify the email address you used during registration. Go to your Sporcle Settings to finish the process.

Report this User

Report this user for behavior that violates our Community Guidelines.

Details: